Statistics for Map quiz

Click here to take the quiz!

General Stats

  • This quiz has been taken 4 times
  • The average score is 2 of 15

Answers on the Map

Answers color-coded by a green-red scale on the quiz's map according to % correct below.
 

Answer Stats

Answer% Correct
France
75%
Brazil
25%
China
25%
Georgia
25%
Russia
25%
USA
25%
Greece
0%
Papua new Guinea
0%
Qatar
0%
Romania
0%
Slovenia
0%
Spain
0%
Turkey
0%
UK
0%
Venezuela
0%

Score Distribution

Percentile by Number Answered

Percent of People with Each Score

Your Score History

You have not taken this quiz